Zhodnotenie možností financovania obstarania majetku v SR na príklade konkrétnej účtovnej jednotky bakalárska práca

Salvato in:
Dettagli Bibliografici
Autore principale: Maceková, Tereza
Ente Autore: Fakulta hospodárskej informatiky EU. Katedra účtovníctva a audítorstva
Altri autori: Mateášová, Martina, 1979-
Natura: Libro
Lingua:slovacco
Pubblicazione: Bratislava 2025
Tags: Aggiungi Tag
Nessun Tag, puoi essere il primo ad aggiungerne!!

MARC

LEADER 00000nbm a2200000 4500
001 0310523
005 20251204105521.5
041 0 |a slo 
044 |a SK 
245 1 0 |a Zhodnotenie možností financovania obstarania majetku v SR na príklade konkrétnej účtovnej jednotky  |b bakalárska práca  |c Tereza Maceková ; školiteľ: Martina Mateášová 
264 1 |a Bratislava  |c 2025 
300 |a 50 s. 
100 1 |a Maceková, Tereza 
700 1 |a Mateášová, Martina, 1979- 
710 2 |a Fakulta hospodárskej informatiky EU. Katedra účtovníctva a audítorstva